<?xml version="1.0" encoding="UTF-8"?>
<record
    xmlns:xsi="http://www.w3.org/2001/XMLSchema-instance"
    xsi:schemaLocation="http://www.loc.gov/MARC21/slim http://www.loc.gov/standards/marcxml/schema/MARC21slim.xsd"
    xmlns="http://www.loc.gov/MARC21/slim">

  <leader>01654nam a2200217Ia 4500</leader>
  <controlfield tag="008">121028s2015    mx a   g      000 0 spa d</controlfield>
  <datafield tag="020" ind1=" " ind2=" ">
    <subfield code="a">978-607-406-692-0</subfield>
  </datafield>
  <datafield tag="040" ind1=" " ind2=" ">
    <subfield code="a">RDA</subfield>
  </datafield>
  <datafield tag="050" ind1=" " ind2=" ">
    <subfield code="a">KGF7511 A28 2015</subfield>
  </datafield>
  <datafield tag="245" ind1=" " ind2=" ">
    <subfield code="a">Agenda civil del Estado de M&#xE9;xico 2015</subfield>
    <subfield code="b">: compendio de leyes, reglamentos y otras disposiciones conexas sobre la materia</subfield>
  </datafield>
  <datafield tag="250" ind1=" " ind2=" ">
    <subfield code="a">28a ed.</subfield>
  </datafield>
  <datafield tag="260" ind1=" " ind2=" ">
    <subfield code="a">M&#xE9;xico</subfield>
    <subfield code="b">: Ediciones ISEF</subfield>
    <subfield code="c">, 2015</subfield>
  </datafield>
  <datafield tag="300" ind1=" " ind2=" ">
    <subfield code="a">Paginaci&#xF3;n variada</subfield>
  </datafield>
  <datafield tag="337" ind1=" " ind2=" ">
    <subfield code="a">texto</subfield>
  </datafield>
  <datafield tag="338" ind1=" " ind2=" ">
    <subfield code="a">sin medio</subfield>
  </datafield>
  <datafield tag="339" ind1=" " ind2=" ">
    <subfield code="a">volumen</subfield>
  </datafield>
  <datafield tag="500" ind1=" " ind2=" ">
    <subfield code="a">Plan Flexible / Lic. en Derecho / 14 002833, 14 004326
14 004325</subfield>
  </datafield>
  <datafield tag="505" ind1=" " ind2=" ">
    <subfield code="a">1. C&#xF3;digo Civil del Estado de M&#xE9;xico
2. C&#xF3;digo de Procedimientos Civiles del Estado de M&#xE9;xico
3. C&#xF3;digo Civil Federal
4. C&#xF3;digo Federal de Procedimientos Civiles
5. Reglamento del registro civil del Estado de M&#xE9;xico
6. Ley para la protecci&#xF3;n de los derechos de las ni&#xF1;as y ni&#xF1;os y adolescentes del Estado de M&#xE9;xico
7. Ley del adulto mayor del Estado de M&#xE9;xico
8. Ley para prevenir, combatir y eliminar actos de discriminaci&#xF3;n en el Estado de M&#xE9;xico
9. Ley de Arancel para el Pago de Honorarios de Abogados y Costas Judiciales en el Estado de M&#xE9;xico
10. Ley de instituciones de asistencia privada del Estado de M&#xE9;xico
11. Ley de asistencia social del Estado de M&#xE9;xico
12. Ley del Notariado del Estado de M&#xE9;xico
13. Reglamento de la Ley del Notariado del Estado de M&#xE9;xico
14. Ley Org&#xE1;nica del Poder Judicial del Estado de M&#xE9;xico
15. Ley que regula el r&#xE9;gimen de propiedad en condominio en el Estado de M&#xE9;xico
16. Ley registral para el Estado de M&#xE9;xico</subfield>
  </datafield>
  <datafield tag="650" ind1=" " ind2=" ">
    <subfield code="a">DERECHO</subfield>
    <subfield code="v">CIVIL</subfield>
    <subfield code="z">ESTADO DE MEXICO</subfield>
  </datafield>
  <datafield tag="942" ind1=" " ind2=" ">
    <subfield code="c">LB</subfield>
  </datafield>
  <datafield tag="952" ind1=" " ind2=" ">
    <subfield code="0">0</subfield>
    <subfield code="1">0</subfield>
    <subfield code="2">lcc</subfield>
    <subfield code="4">0</subfield>
    <subfield code="7">0</subfield>
    <subfield code="a">14</subfield>
    <subfield code="b">14</subfield>
    <subfield code="d">2015-03-10</subfield>
    <subfield code="l">73</subfield>
    <subfield code="o">KGF7511 A28 2015</subfield>
    <subfield code="p">14 002833</subfield>
    <subfield code="r">2019-08-07</subfield>
    <subfield code="s">2019-08-07</subfield>
    <subfield code="t">1</subfield>
    <subfield code="w">2014-05-14</subfield>
    <subfield code="y">LB</subfield>
  </datafield>
  <datafield tag="952" ind1=" " ind2=" ">
    <subfield code="0">0</subfield>
    <subfield code="1">0</subfield>
    <subfield code="2">lcc</subfield>
    <subfield code="4">0</subfield>
    <subfield code="7">0</subfield>
    <subfield code="a">14</subfield>
    <subfield code="b">14</subfield>
    <subfield code="d">2015-03-10</subfield>
    <subfield code="l">87</subfield>
    <subfield code="o">KGF7511 A28 2015</subfield>
    <subfield code="p">14 004325</subfield>
    <subfield code="r">2019-12-16</subfield>
    <subfield code="s">2019-12-16</subfield>
    <subfield code="t">2</subfield>
    <subfield code="w">2014-05-14</subfield>
    <subfield code="y">LB</subfield>
  </datafield>
  <datafield tag="952" ind1=" " ind2=" ">
    <subfield code="0">0</subfield>
    <subfield code="1">0</subfield>
    <subfield code="2">lcc</subfield>
    <subfield code="4">0</subfield>
    <subfield code="7">0</subfield>
    <subfield code="a">14</subfield>
    <subfield code="b">14</subfield>
    <subfield code="d">2015-03-10</subfield>
    <subfield code="l">70</subfield>
    <subfield code="o">KGF7511 A28 2015</subfield>
    <subfield code="p">14 004326</subfield>
    <subfield code="r">2019-08-05</subfield>
    <subfield code="s">2019-08-05</subfield>
    <subfield code="t">3</subfield>
    <subfield code="w">2014-05-14</subfield>
    <subfield code="y">LB</subfield>
  </datafield>
  <datafield tag="999" ind1=" " ind2=" ">
    <subfield code="c">92766</subfield>
    <subfield code="d">92766</subfield>
  </datafield>
</record>
